000 00576nam a2200205Ia 4500
005 20240314093714.0
008 131103s9999 xx 000 0 und d
040 _aLoreto College
041 _aEnglish
082 _a372.9
_bHIG
100 _aHigginson, J H
245 _aChanging Thought in Primary and Secondary Education,
_cJ H Higginson
260 _aLondon
_bMacmillan
_c1969
300 _a145p.
504 _aIncludes index & bibliographical references
650 _aSecondary education
651 _aElementary education
850 _aLCLIB
942 _cBK
999 _c23489
_d73968